000 00541nam a22001457a 4500
005 20241203102113.0
008 241203b |||||||| |||| 00| 0 eng d
020 _a9780862051204
245 _aLaw Reports of the Commonwealth 1985
_bCriminal Law
260 _aLondon, UK
_bButterworths
_c1985
300 _a lx, 827 pages
_c24 cm
500 _aGeneral Editors: Read James S. Prof. LL.B. of Gray’s Inn, Barrister. Slinn Peter E. M.A., PhD., Solicitor, England and Wales.
650 _2Law Reports
_xCommonwealth Nations
942 _2lcc
_cBK
_n0
999 _c1914
_d1914